| 000 | 00906nam a22001935i 4500 | ||
|---|---|---|---|
| 001 | 161641 | ||
| 003 | ES-MaACL | ||
| 005 | 20240515063124.0 | ||
| 008 | 041022s1806 sp |||| | spa d | ||
| 040 |
_aCAM _bspa _cCAM |
||
| 100 | 1 |
_aPellicer de Ossau y Tovar, José, _d1602-1679 _990090 |
|
| 245 | 1 | 3 |
_aEl seyano germánico Alberto Wenceslao Eusebio de Wolstein, Duque de Mekelburg... _b: trayciones que dispuso, rebelión que formó y levantamiento que meditaba contra la Magestad Imperial... / _csacada de los mas fieles y verdaderos originales por Don Joseph Pellicer de Tobar y Abarca... |
| 260 |
_aMadrid : _b[s.n.], _c1806 ( _fEn la imprenta de la calle de Relatores) |
||
| 300 |
_a[8], 207 p. ; _c15 cm. |
||
| 597 | _aSign.: []4, A-N8. | ||
| 651 |
_aEuropa- _xHistoria. _98599 |
||
| 852 |
_aES-MaACL _jR-3196 _xOlim:G-10793 _z-- Enc. pasta española |
||
| 999 |
_c161641 _d161641 |
||